ARRUPE JESUIT UNIVERSITY

CORONAVIRUS -STOP THE SPREAD - CLEAN,DISINFECT,COVER

White Narratives : (Record no. 127599)

MARC details
000 -LEADER
fixed length control field 01836cam a2200409 i 4500
001 - CONTROL NUMBER
control field 19225723
003 - CONTROL NUMBER IDENTIFIER
control field ARRUPE
005 - DATE AND TIME OF LATEST TRANSACTION
control field 20180313125323.0
008 - FIXED-LENGTH DATA ELEMENTS--GENERAL INFORMATION
fixed length control field 160811s2016 sa b 001 0 eng
010 ## - LIBRARY OF CONGRESS CONTROL NUMBER
LC control number 2016442374
020 ## - INTERNATIONAL STANDARD BOOK NUMBER
International Standard Book Number 9781868888252
040 ## - CATALOGING SOURCE
Original cataloging agency DLC
Language of cataloging eng
Description conventions rda
Transcribing agency DLC
042 ## - AUTHENTICATION CODE
Authentication code pcc
043 ## - GEOGRAPHIC AREA CODE
Geographic area code f-rh---
050 00 - LIBRARY OF CONGRESS CALL NUMBER
Classification number HD992
Item number .M36 2016
300 ## - PHYSICAL DESCRIPTION
Dimensions 21 cm.
100 1# - MAIN ENTRY--PERSONAL NAME
Personal name Manase, Irikidzayi,
9 (RLIN) 40498
245 10 - TITLE STATEMENT
Title White Narratives :
Remainder of title the depiction of post-2000 land invasions in Zimbabwe /
Statement of responsibility, etc Irikidzayi Manase.
260 ## - PUBLICATION, DISTRIBUTION, ETC. (IMPRINT)
Place of publication, distribution, etc Pretoria
Name of publisher, distributor, etc UNISA Press
Date of publication, distribution, etc 2016
300 ## - PHYSICAL DESCRIPTION
Extent vii, 152 p. ;
490 0# - SERIES STATEMENT
Series statement African Humanities Series.
500 ## - GENERAL NOTE
General note "African Humanities Program, New York."
500 ## - GENERAL NOTE
General note Writings surveyed: Catherine Buckle, African tears (2000), Beyond tears (2003), Innocent victims (2009); Graham Lang, Place of birth (2006); Christina Lamb, House of stone (2006); and Douglas Rogers, The last resort (2009).
504 ## - BIBLIOGRAPHY, ETC. NOTE
Bibliography, etc Includes bibliographical references (pages 137-144) and index.
650 #0 - SUBJECT ADDED ENTRY--TOPICAL TERM
Topical term or geographic name as entry element Land use, rural
General subdivision Government policy
Geographic subdivision Zimbabwe
Chronological subdivision 21st century.
9 (RLIN) 40499
650 #0 - SUBJECT ADDED ENTRY--TOPICAL TERM
Topical term or geographic name as entry element Land reform
General subdivision Government policy
Geographic subdivision Zimbabwe
Chronological subdivision 21st century.
9 (RLIN) 40500
650 #0 - SUBJECT ADDED ENTRY--TOPICAL TERM
Topical term or geographic name as entry element Land reform in literature.
9 (RLIN) 40501
650 #0 - SUBJECT ADDED ENTRY--TOPICAL TERM
Topical term or geographic name as entry element Land use in literature.
9 (RLIN) 40502
650 #0 - SUBJECT ADDED ENTRY--TOPICAL TERM
Topical term or geographic name as entry element Whites
Geographic subdivision Zimbabwe
General subdivision Ethnic identity.
9 (RLIN) 40503
650 #0 - SUBJECT ADDED ENTRY--TOPICAL TERM
Topical term or geographic name as entry element Zimbabwean literature (English)
Chronological subdivision 21st century
Form subdivision History and criticism.
9 (RLIN) 40504
906 ## - LOCAL DATA ELEMENT F, LDF (RLIN)
a 7
b cbc
c orignew
d 3
e ncip
f 20
g y-gencatlg
942 ## - ADDED ENTRY ELEMENTS (KOHA)
Source of classification or shelving scheme Library of Congress Classification
Koha item type Monograph ( Printed materials)
Holdings
Withdrawn status Lost status Source of classification or shelving scheme Damaged status Not for loan Collection code Home library Current library Shelving location Date acquired Total Checkouts Full call number Barcode Date last seen Date checked out Price effective from Koha item type
    Library of Congress Classification     Main Collection ARRUPE LIBRARY ARRUPE LIBRARY Main Collection 13/03/2018 1 HD992 .M36 2016 46600001092 08/05/2018 27/03/2018 13/03/2018 Monograph ( Printed materials)

 

Arrupe Library. PO Box MP320 Mt Pleasant, Harare, Zimbabwe
263 242 745411|librarian@aju.ac.zw